000
00327nam a22001337a 4500
003
OSt
008
220509b ||||| |||| 00| 0 eng d
100
_a
SHUKLA,Haratray
245
_a
Pandit Neki Ram Abhinandan Granth
260
_a
Hisar
_b
Modern Publications
_c
2006
300
_a
175
650
_a
Gernal Book
942
_2
ddc
_c
BK
999
_c
11185
_d
11185